000 00556nam a2200217Ia 4500
003 OSt
005 20220926042849.0
006 a|||||r|||| 00| 0
007 ta
008 220923b |||||||| |||| 00| 0 eng d
037 _cGeneral Book
040 _aRTL
_cRTL
_beng
041 _2eng
_aeng
082 _aX9.3.M55<-M30, K2
100 _aWard J T
_9106397
245 0 _aFactory movement 1830-55
260 _c1962
650 _aIndustrial Economics
942 _hX9.3.M55<-M30, K2
_cGB
_2CC
999 _c670741
_d670741